000 00611nam a22002057a 4500
999 _c4605
_d4605
003 AR-CdUCM
008 190311b ||||| |||| 00| 0 eng d
040 _aMUNICIPALIDAD PROVINCIAL DEL CUSCO
_cBIBLIOTECA MUNICIPAL DEL CUSCO
082 _a770.949 /
_bB76
100 _aBodson, Phillippe
_914370
245 _aBelgium unity of diversity
260 _aBelgium :
_bLanno,
_c1987.
300 _a208 páginas ;
_bfotografiías.
_c29 cm.
505 _aFotografías de Belgium.
650 _aBelgium.
_914371
650 _aFotografías.
_913109
650 _aAlemania.
_91327
942 _2ddc
_cLIBROS
945 _awfj